Statistics for Disney Characters beginning with S

Click here to take the quiz!

General Stats

  • This quiz has been taken 16 times
  • The average score is 8 of 65

Answer Stats

Answer% Correct
Snow White
77%
Simba
69%
Sleepy
69%
Sneezy
62%
Scar
54%
Sebastian
54%
Shere Khan
46%
Sven
31%
Sarabi
23%
Scamp
23%
Scrooge McDuck
23%
Scuttle
23%
Shan Yu
23%
Shenzi
23%
Spot
23%
Stitch
23%
Scat Cat
15%
Si and Am
15%
The Sultan
15%
Sarafina
8%
Sarah Hawkins
8%
Sarousch
8%
Scroop
8%
Shanti
8%
Sha-ron
8%
Sheriff of Nottingham
8%
Sir Ector
8%
Sir Hiss
8%
Sir Kay
8%
Sitka
8%
Slightly
8%
Sour Bill
8%
Sparky
8%
Stabbington Brothers
8%
Stromboli
8%
Sykes
8%
Sadira
0%
Sa'luk (Aladdin and the King of Thieves)
0%
Sam Flynn
0%
Sam the Sheriff
0%
Scratchy
0%
Seargeant Tibbs
0%
Secretary Bird
0%
Sergeant Calhoun
0%
Shun Gon the Chinese Cat
0%
Silvermist
0%
Sir Giles
0%
Sir Pellinore
0%
Sis Bunny
0%
Skippy Bunny
0%
Smarty the Weasel
0%
Smolder the Bear
0%
Snowanna Rainbeau
0%
Sofia the First
0%
Speedy the Snail
0%
Spot Helperman
0%
Spring Sprite
0%
Squeaks the Caterpillar
0%
Steelbeak
0%
Stu Hopps
0%
Stupid the Weasel
0%
Sultan the Footstool
0%
Suri
0%
Swizzle Malarkey
0%
Sylvia Marpole
0%

Score Distribution

Percentile by Number Answered

Percent of People with Each Score

Your Score History

You have not taken this quiz